| Поле | Инд. | ПП | Название | Значение |
|---|---|---|---|---|
| Тип записи | a | |||
| Библиографический уровень | m | |||
| 001 | Контрольный номер | cf1ce29099964d45b0ab6ee8bf681fe0 | ||
| 005 | Дата корректировки | 20260422152540.3 | ||
| 020 | a | ISBN | 978-5-903311-66-8 | |
| 040 | a | Служба первич. каталог. | НБ ТвГУ | |
| b | Код языка каталог. | rus | ||
| e | Правила каталог. | PSBO | ||
| 041 | 0_ | a | Код языка текста | rus |
| 080 | a | Индекс УДК | 94(470)"1941/1945":358.4 | |
| 080 | a | Индекс УДК | 929 Голованов Александр | |
| 084 | a | Индекс другой классификации/Индекс ББК | Т3(2)622-8 | |
| 090 | a | Полочн. индекс | Т3(2)622 | |
| x | Авторский знак | Г 61 | ||
| 097 | b | Оператор | Semenova.ZR | |
| 245 | 10 | a | Заглавие | Александр Голованов. Война и мир Главного маршала авиации |
| n | Номер части/ раздела | Т. 1 | ||
| b | Продолж. заглавия | сборник документов и материалов : в 2 томах | ||
| c | Ответственность | составители: А. Е. Голованова и др. | ||
| 246 | 03 | a | Другая форма заглавия | Война и мир Главного маршала авиации |
| 260 | c | Дата издания | 2025 | |
| a | Место издания | Москва | ||
| b | Издательство | Астрея-центр | ||
| 300 | a | Объем | 485, [3] с. | |
| b | Иллюстрации/ тип воспроизводства | ил., портр. | ||
| 500 | a | Примечание | На авантит.: Посвящается 80-летию Победы в Великой Отечественной войне | |
| 520 | 0_ | a | Аннотация | Герой этой книги - А. Е. Голованов (1904-1975) был не просто одним из выдающихся советских полководцев в годы Великой Отечественной войны. Его взлёт не имеет аналогов: за три с половиной года Голованов поднимается в званиях от подполковника до Главного маршала авиации (1944 г.). С марта 1942 г. он - командующий Авиацией дальнего действия (АДД), ударной силы Ставки Верховного Главнокомандования, которая применялась в интересах стратегически важных фронтов. Воспоминания А. Е. Голованова, опубликованные без цензурных изъятий лишь в последние годы, вошли в золотой фонд российской военной мемуаристики. Яркие картины боевых действий летчиков-дальников чередуются с психологически тонким описанием встреч c И. В. Сталиным, который лично руководил боевой работой АДД. Данное издание наиболее полно повествует о непростой судьбе Главного маршала. Многие воспоминания, документы и фотографии публикуются впервые. Сегодня Россия вновь проходит тяжелые испытаний. Поэтому опыт таких военачальников, государственных мужей, как А. Е. Голованов, должен быть востребован. |
| 653 | 0_ | a | Ключевые слова | История России |
| a | Ключевые слова | Военная наука | ||
| a | Ключевые слова | Военно-воздушные силы | ||
| a | Ключевые слова | Голованов Александр Евгеньевич | ||
| a | Ключевые слова | Маршалы авиации | ||
| a | Ключевые слова | Летчики в Великой Отечественной войне 1941-1945 гг. | ||
| a | Ключевые слова | Герои Великой Отечественной войны | ||
| a | Ключевые слова | Участники Великой Отечественной войны | ||
| a | Ключевые слова | Великая Отечественная война | ||
| a | Ключевые слова | Краеведение | ||
| 700 | 12 | a | Другие авторы | Голованова Александра Евгеньевна |
| e | Роль лиц | Составитель | ||
| 700 | 12 | a | Другие авторы | Голованова Ольга Александровна |
| e | Роль лиц | Составитель | ||
| 700 | 12 | a | Другие авторы | Тимофеев Алексей Викторович |
| e | Роль лиц | Составитель | ||
| 901 | t | Тип документа | m | |
| 920 | a | Оператор | Семен | |
| a | Оператор | Петр | ||
| 930 | a | Новая/Ретро | новая | |
| 952 | c | Вид литературы | К рн | |
| 954 | b | Дата поступления в ОК | 20260421 | |
| a | Дата поступления на обработку | 20250422 | ||
| c | Дата окончания ОНО | 20250422 |